书目信息 |
| 题名: |
跨越
|
|
| 作者: | 张永岳 , 周建成 主编 | |
| 分册: | ||
| 出版信息: | 北京 中国建筑工业出版社 2009.11 |
|
| 页数: | 303页 | |
| 开本: | 24cm | |
| 丛书名: | ||
| 单 册: | ||
| 中图分类: | F299.233 | |
| 科图分类: | ||
| 主题词: | 金融危机--jin rong wei ji--影响--房地产业--研究--中国 | |
| 电子资源: | ||
| ISBN: | 978-7-112-11306-4 | |
| 000 | 01118nam0 2200241 450 | |
| 001 | 012001000438 | |
| 005 | 20191029105307.58 | |
| 010 | @a978-7-112-11306-4@dCNY58.00 | |
| 100 | @a20100515d2009 km y0chiy0121 eb | |
| 101 | 0 | @achi |
| 102 | @aCN@b110000 | |
| 105 | @aa z 000yy | |
| 200 | 1 | @a跨越@Akua yue@e房地产企业如何应对金融危机@f张永岳, 周建成主编 |
| 210 | @a北京@c中国建筑工业出版社@d2009.11 | |
| 215 | @a303页@c图@d24cm | |
| 330 | @a本书共包括三个部分,第一部分通过金融危机的10大热点话题,探索性地回答了金融危机起源、发展、引发原因,以及如何解救危机,并对相关问题进行了全面而深入的分析。第二部分从房地产整个行业的高度出发,解析房地产业的6大生存软肋,总结出房地产"过冬"采用的4中典型方式。第三部分详细解析了12个危机中被击垮和成功过渡的全球房地产企业房地产金融机构的经典案例。 | |
| 517 | 1 | @a房地产企业如何应对金融危机@Afang di chan qi ye ru he ying dui jin rong wei ji |
| 606 | 0 | @a金融危机@Ajin rong wei ji@x影响@x房地产业@j研究@y中国 |
| 690 | @aF299.233@v4 | |
| 701 | 0 | @a张永岳@Azhang yong yue@4主编 |
| 701 | 0 | @a周建成@Azhou jian cheng@4主编 |
| 801 | 0 | @aCN@c20100515 |
| 905 | @dF299.233@eZ230@f3 | |
| 跨越:房地产企业如何应对金融危机/张永岳, 周建成主编.-北京:中国建筑工业出版社,2009.11 |
| 303页:图;24cm |
| ISBN 978-7-112-11306-4:CNY58.00 |
| 本书共包括三个部分,第一部分通过金融危机的10大热点话题,探索性地回答了金融危机起源、发展、引发原因,以及如何解救危机,并对相关问题进行了全面而深入的分析。第二部分从房地产整个行业的高度出发,解析房地产业的6大生存软肋,总结出房地产"过冬"采用的4中典型方式。第三部分详细解析了12个危机中被击垮和成功过渡的全球房地产企业房地产金融机构的经典案例。 |
| ● |
| 相关链接 |
|
|
|
正题名:跨越
索取号:F299.233/Z230
 
预约/预借
| 序号 | 登录号 | 条形码 | 馆藏地/架位号 | 状态 | 备注 |
| 1 | 1455251 | 214552517 | 社科二线422/409社科库 31排2列2层/ [索取号:F299.233/Z230] | 在馆 | |
| 2 | 1455252 | 214552526 | 社科库409/409社科库 31排2列2层/ [索取号:F299.233/Z230] | 在馆 | |
| 3 | 1455253 | 214552535 | 社科库409/409社科库 31排2列2层/ [索取号:F299.233/Z230] | 在馆 | |
| 4 | 1455254 | 214552544 | 社科库409/409社科库 31排2列2层/ [索取号:F299.233/Z230] | 在馆 | |
| 5 | 1455255 | 214552553 | 社科二线422/409社科库 31排2列2层/ [索取号:F299.233/Z230] | 在馆 | |
| 6 | 1455256 | 214552562 | 社科二线422/409社科库 31排2列2层/ [索取号:F299.233/Z230] | 在馆 | |
| 7 | 980288 | 209802882 | 社科二线422/409社科库 31排2列2层/ [索取号:F299.233/Z230] | 在馆 | |
| 8 | 980289 | 209802891 | 社科二线422/409社科库 31排2列2层/ [索取号:F299.233/Z230] | 在馆 | |
| 9 | 980290 | 209802908 | 社科二线422/409社科库 31排2列2层/ [索取号:F299.233/Z230] | 在馆 |